LDR 00462nab a2200145 i 4500 001 000000289936 003 CaOOAMICUS 005 20180831165437.0 008 180831n xx uu u0 0und r 013 $a44721 040 $aSeMil$bita 245 10$a[vedi periodico]. 500 $a2016/8 - Supplemento 15. 773 0 $tGiorgio Bocca ; Indro Montanelli.$dRoma : Gruppo Editoriale L'Espresso, copyr. 2016.$w()251540 996 $6245$a[vedi periodico]$9(OLS)http://semarc/title/309439